| 000 | 01015nam a22002897a 4500 | ||
|---|---|---|---|
| 001 | 945 | ||
| 005 | 20231020091926.0 | ||
| 020 | _a9780439135030 | ||
| 040 |
_aDLC _cDLC _dDLC _beng |
||
| 050 | 0 | 0 |
_aPZ7.P2197 _bJtwn 1999 |
| 082 | 0 | 0 |
_a813.54 _221 |
| 100 | 1 | _aPark, Barbara. | |
| 245 | 1 | 0 |
_aJunie B. Jones is (almost) a flower girl / _cby Barbara Park ; illustrated by Denise Brunkus. |
| 250 | _aFirst Scholastic printing, January 2000. | ||
| 260 |
_aNew York : _bScholastic, _c2000. |
||
| 300 |
_a68 pages : _billustratiions ; _c20 cm. |
||
| 490 | 1 |
_aThe Junie B. Jones series ; _vBook 13 |
|
| 500 | _a"A Stepping Stone book." | ||
| 505 | _aJ | ||
| 520 | _aSix-year-old Junie B. is disappointed to find out that her aunt has asked someone else to be the flower girl at her wedding. | ||
| 521 | 0 |
_a490
_bLexile |
|
| 521 | 0 |
_aJ
_bRaz-Plus |
|
| 650 | 1 |
_aWeddings _xFiction. |
|
| 700 | 1 |
_aBrunkus, Denise, _eillustrator. |
|
| 906 |
_a7 _bcbc _corignew _d1 _eocip _f19 _gy-gencatlg |
||
| 942 |
_2ddc _cBK _n0 |
||
| 999 |
_c945 _d945 |
||